02338nab a2200241uuc4500001000800000005001700008008004100025035001200066035002100078040001300099041000800112100004400120245011200164520147500276650002001751650001601771650002001787650001301807700004201820700004401862700004301906773014701949125344720240202101815.0110825e20110401 spa  a1253447 a(OCoLC)820602813 ccomduadb aspa10aVillegas Echeverri, Juan Jose4auteaut10aPapel de la cistoscopia en el estudio de las pacientes con dolor pélvico crónico: estudio observacional3 aObjetivo: este estudio busca describir los hallazgos cistoscópicos en un grupo de pacientes con dolor pélvico crónico (DPC) que consultaron a una clínica de referencia en Pereira (Colombia). Materiales y métodos: es un estudio de corte transversal en mujeres que consultaron la clínica en el período comprendido entre julio de 2006 y octubre de 2008, por dolor pélvico crónico a una institución hospitalaria de 4o nivel y centro de remisión; y que fueron sometidas a laparoscopia y cistoscopia. Por medio de un formulario se extrajeron los datos de las historias clínicas. También se describe la prevalencia de cistitis intersticial y trigonitis crónica. Resultados: 115 mujeres con DPC fueron sometidas a laparoscopia y cistoscopia bajo anestesia general. El 59% de las pacientes tenían hallazgos cistoscópicos de cistitis intersticial. Los síntomas de frecuencia urinaria aumentada, disuria y nicturia tuvieron una correlación estadísticamente significativa con los hallazgos anormales en la cistoscopia. El principal signo hallado en el examen físico fue el dolor al palpar la vejiga. El test de cloruro de potasio tuvo una sensibilidad del 71%, una especificidad del 44%, un Valor Predictivo Positivo (VPP) del 60% y un Valor Predictivo Negativo (VPN) del 57%. Conclusiones: en pacientes con dolor pélvico crónico y síntomas urinarios se encuentra una alta prevalencia de cistitis intersticial y trigonitis crónica. aDolor crónico aCistoscopia aDolor pélvico aCistitis10aLopez Jaramillo, Jose Duvan4auteaut10aLeon Avellaneda, Jose William4auteaut10aRestrepo Santa, Lina Marcela4auteaut0 tRevista Colombiana de Obstetricia y Ginecología (Bogotá)gVolumen 62, Número 02, Abril-Junio 2011, p. 161-166w388877x0034-74340110890